LEADER 01476nam a2200289 u 4500 001 000000081397 003 CaOOAMICUS 005 20070226123742.0 008 050321s1930 it u000 u ita u 035 $a11035516 040 $aPUL(R)$bita 041 0 $aita$alat 100 0 $aThomas Aquinas,$cs.,$dc. 1225-1274.$0(OLS)http://pul/name/3373 240 10$aSumma theologiae$9(Thomas Aquinas, s., c. 1225-1274).$lItaliano$1Gruppi, scelte.$0(OLS)http://pul/title/84128 245 13$aIl Maestro :$bestratti dalla Somma Teologica e dalle questioni "De Veritate" /$cS. Tommaso D'Aquino ; con introduzione e commento di Giuseppe Muzio. 260 $aTorino :$bSocietà Editrice Internazionale,$c1930. 300 $a122 p. ;$c20 cm 490 1 $aLetture di pedagogia ;$v8 700 1 $aMuzio, Giuseppe.$0(OLS)http://pul/name/507 700 0 $aThomas Aquinas,$cs.,$dc. 1225-1274$tQuaestiones disputatae$9(Thomas, Aquinas, s., c. 1225-1274).$pDe veritate.$0(OLS)http://pul/name/54252 830 0$aLetture di pedagogia ;$v8.$0(OLS)http://pul/title/21108 850 $aPUL 852 $aPUL$W1$xDP1 Fondo Cecchetti$y53$m260 D 74.1$j193503$nBK-PRI$b $qFondi$B103838$CPULBib$Z2$F103838 $81 900 $aTommaso d'Aquino,$cs.,$dc.1225-1274$93373 941 1 $a1 996 $6245$aIl Maestro :$bestratti dalla Somma Teologica e dalle questioni "De Veritate"$9(OLS)http://pul/title/106471 996 $6260$aTorino :$bSocietà Editrice Internazionale$9(OLS)http://pul/publisher/48746 LEADER 01286nam a2200289 u 4500 001 000000070898 003 CaOOAMICUS 005 20070226122054.0 008 020516q1960 it u000 u ita u 035 $a10930151 040 $aPUL(R)$bita 110 2 $aSecretariatus pro non Christianis.$0(OLS)http://pul/name/20021 245 13$aIl bene e il male nelle religioni /$cSegreatriato per i non Cristiani ; [U. Bianchi ... P. Rossano]. 260 $aFossano (Cuneo) :$bEsperienze,$c[1960?] 300 $a177 p. ;$c20 cm 504 $aBibliografia in nota. 650 4$aBene e male.$0(OLS)http://pul/subject/7492 700 1 $aBianchi, Ugo,$d1922-1995.$0(OLS)http://pul/name/245 700 1 $aRossano, Pietro,$cvescovo,$d1923-1991.$0(OLS)http://pul/name/122 850 $aPUL 852 $aPUL$W1$xDP1 Cons. Gen., Altre Classi 1$y22$m780 A 54$j91755$nBK-PRI$b $qStampati$B91755$CPULBib$Z2$F91755 $H $81 910 $aPontificio Consiglio per il dialogo interreligioso$920021 910 $aPontificio Consiglio per il dialogo interreligioso$920021 941 1 $a8 961 $aINV: 53920 996 $6245$aIl bene e il male nelle religioni$9(OLS)http://pul/title/93389 996 $6260$aFossano (Cuneo) :$bEsperienze$9(OLS)http://pul/publisher/73294